000 00690nam a2200289Ia 4500
005 20260324144530.0
008 008 260324s9999 xx 000 0 eng d
020 _a9781315798707
037 _aEBOOK
040 _aCRL
040 _beng
040 _cCRL
041 _2eng
041 _aeng
084 _qCRL
100 _aRosalie Peck; Charlotte Stefanics
_91219666
245 0 _aLearning To Say Goodbye
245 0 _bDealing With Death And Dying
260 _bTaylor and Francis
260 _c1987
365 _a
365 _b290
856 _uhttp://www.taylorfrancis.com/books/9781315798707
942 _cEBOOK
999 _c1826396
_d1826396